000 00575nam a22002177a 4500
999 _c6286
_d6286
003 OSt
005 20210315124944.0
008 190902b ||||| |||| 00| 0 eng d
020 _a9781439813928
040 _cDDC
082 _a631.41 TAN 2011
100 _aTan, Kim H.
_912903
245 _aPrinciples of Soil Chemistry
250 _a4th ed.
260 _aLondon;
_bCRC Press,
_c2011
300 _axxvii,362p;
_bill:
_c26cm
504 _aAppendices, references, & index included
650 _aSoil chemistry
_912776
650 _aAgriculture
_94591
942 _2z
_cB_BANK